000 00660nam a2200217Ia 4500
003 IN-BaIIA
008 211028s9999 xx 000 0 eng d
020 _a0-7503-0353-0
040 _cIIA Library
080 _a53
_bTWE-I
245 0 _aTwentieth century physics
_bvol. I
_cedited by Laurie M. Brown, Abraham Pais, Sir Brian Pippard.
260 _aBristol
_bIOP Publishing
_c1995
300 _a[various pagings.]
650 _a20th Century
_919603
650 _aPhysics
_973
650 _aTwentieth century
_920042
700 _aLaurie M Brown., ed.
_920043
700 _aPais, Abraham., ed.
_920044
700 _aPippard, Brian., ed.
_920045
942 _cBK
999 _c11605
_d11605